000
00317nam a2200157Ia 4500
100
_a
NIMI
650
_a
ELECTRICIAN
942
_c
BK
366
_f
10
245
_a
ELECTRICIAN TRADE PRACTICAL : IIND YEAR
260
_b
NIMI
_a
Chennai
082
_a
621.3/NIM
300
_a
374
546
_a
ENGLISH
999
_c
23227
_d
23227